MDQL
is popping MORE tags! Check the
thread
!
Quizzes
Events
Quiz Creation
Community
Videos
Private Events
Remove Ads
Sign In
Join for FREE
Feedback
Dark Mode
Quiz Categories
Sports
Geography
Music
Movies
Television
Just For Fun
Miscellaneous
History
Literature
Language
Science
Gaming
Entertainment
Religion
Holiday
For Kids
Quiz Lab
Recent
Popular Today
Quiz Kudos Today
Editor Picks
Curator Picks
Quizzes by...
Day
Popularity
Type
Ratings
Length
Year
Community
Subscriptions
Recent Discussions
Orange Saloon
Badges
Playlists
Quests
Create
Leaderboards
Showdown
Live 5
Trivia Bingo
Activity
Puzzle Library
Sporcle Events
Private Events
Virtual Trivia
Globe League
Become a Host
Pub Owners
SporcleCon
Opinionation
Our Games
Videos
Blog
Mobile Apps
Partnerships
Remove Ads and Go Orange
Feedback
Science
Computer
Plants
Astronomy
Chemistry
Elements
Math
Animal
Physics
Anatomy
Biology
Geology
General Science
Science
Computer
Plants
Astronomy
Chemistry
Elements
Math
Animal
Physics
Anatomy
Biology
Geology
General Science
Random Quiz
Search Sporcle
×
Quiz Lab
Quiz Lab
Science
Type in answers that appear in a list
Type in answers that appear in a list
Classic
Best Score? Go Orange.
Name the Caesalpinoidea Stats
Name the Caesalpinoidea. Do it. Now.
By
arthurbos
10m
20 Questions
13 Plays
13 Plays
13 Plays
Comments
Comments
Give Quiz Kudos
Give Quiz Kudos
-
- Ratings
hide this ad
Forced Order
Answers have to be entered in order
Answers have to be entered in order
Random Order
Randomize order of answers
Randomize order of answers
Replay
Link that replays current quiz
Next Quiz
Link to next quiz in quiz playlist
You Got
0%
They Got
Avg Score
86%
Avg Friend Score
Upgrade to see
Score Distribution
Jump to the score distribution portion of the page
Score
0/20
Timer
10:00
0
Plays Today
Hint
Answer
% Correct
Siamese cassia
Senna siamea
100%
Doussie
Afzelia africana
92.3%
Drumstick tree
Cassia sieberiana
92.3%
Wallaba
Eperua falcata
92.3%
Tamarind
Tamarindus indica
92.3%
Tonka/
Cumaru
Dipteryx odorata
92.3%
Tali
Erythrophleum suaveolens
92.3%
Tola
Gossweilerodendron balsamiferum
92.3%
Merbau
Intsia palembanica
92.3%
Purpleheart
Peltogyne venosa
92.3%
Hint
Answer
% Correct
Jerusalem thorn
Parkinsonia aculeata
92.3%
Flamboyant
Delonix regia
84.6%
Movingui
Distemonanthus benthamianus
84.6%
Limbali
Gilbertiodendron dewevrei
84.6%
Jatoba
Hymenea courbaril
84.6%
Mopane
Colophospermum mopane
76.9%
Muhimbi
Cynometra alexandrii
76.9%
Kempas
Koompassia malaccensis
76.9%
Bubinga
Guibourtia demeusei
76.9%
Basralocus
Dicorynia guianensis
69.2%
Quiz Playlist
Details
Report
Send in Message
Add To Playlist
Classic:
Type in answers that appear in a list
Forced Order:
Answers have to be entered in order
Random Order:
Randomize order of answers
Last Updated: Feb 16, 2017
Quiz Scoreboard
CHALLENGE
Sign Up to Join the Scoreboard
Show All
Scores
Hide
Comments
May contain spoilers
Recently Published
Two Season TV Shows II
by 123Four
Television
10m
Image Sorting: Flags VI
by Barbecue
Geography
2m
Find the 'City' Movie
by crazypaving
Movies
60s
More to Explore
Quiz From the Vault
Featured Blog Post
14 Easter Pick-up Lines to Find Eggs With
hide this ad
You Might Also Like...
Tags
This quiz does not have any tags.
Today's Top Quizzes in Science
Browse Science
hide this ad
Top Contributed Quizzes in Science
1
Mitosis Sporcle for Escape Room
2
Windmill: Elements
3
200 Vogels in Nederland
4
Square Numbers Scrambled (1-50)
5
Elements In Images
6
Glycolysis
7
Count to 60
8
Quick Pick: 'CI-CJ' Animals
9
17 TIMES TABLE
10
perfect squares 1-25
Explore More
Trending Topics
Disney
Anime
NBA
Marvel
Harry Potter
Crossword
Kpop
Pokémon
Song
NFL
The Office
Country
Puzzle
Soccer
WWE
hide this ad
More By:
arthurbos
Quiz
Plays
Rating
Category
Featured
Created
Burseraceae-Lamiaceae
16
5.00
Science
May 11, 2015
Mimosoideae-Papilionidae
13
Science
May 13, 2015
Name the Caesalpinoidea
13
Science
May 11, 2015
Malvaceae-Zygophyllae
7
Science
May 13, 2015
Tropical Tree Families
6
1.00
Science
May 15, 2015
Go to Creator's Profile
Score Distribution
Quiz Creator Spotlight
arthurbos
Follow
Send a Message
Quizzes Created
-
Created Quiz Play Count
-
More By This Creator
Popular Quizzes Today
1
Find the US States - No Outlines Minefield
2
Colored Red Africa Blitz
3
Find the 'City' Movie
4
5x2 Blitz: Bands
5
The Countries of the World
6
Find the Countries of Europe - No Outlines Minefield
7
Find the US States
8
US States
More Science Quizzes
Orders of Magnitude XII
Quiz Lab
Trending Quizzes
Colored Red Europe Blitz I
Colored Red Africa Blitz II
Colored Red Europe Blitz II
Colored Red Africa Blitz III
Even More Two Season TV Shows
Recently Updated
March Madness Men's Triple Doubles
pecheneg
How Do You Spell That?
pecheneg
Godzilla Movies
pecheneg
Grab Bag: 4-10 Letters
pecheneg
2024 March Madness Bracket
pecheneg
Famous TV Couples
Peacemaker
Champions League XIs: Real Madrid
pecheneg
Largest US Cities 1790-2010
pecheneg
Rides in Walt Disney World
pecheneg
Most Oscar Losses (Acting)
pecheneg
Trending Topics
Disney
Kpop
Harry Potter
Crossword
Anime
Marvel
NBA
Puzzle
WWE
Soccer
The Office
NFL
Country
Pokémon
Song
Your Account Isn't Verified!
In order to create a playlist on Sporcle, you need to verify the email address you used during registration. Go to your
Sporcle Settings
to finish the process.
Report this User
Report this user for behavior that violates our
Community Guidelines
.
Details:
Send Report
Go to the Sporcle.com Mobile Site →
Comments